000 00264nam a2200109Ia 4500
008 190911s9999||||xx |||||||||||||| ||und||
100 _aWilliams,Brian K.
245 0 _aUsing Information Technology
260 _aUSA
_bMc Graw Hill
_c1999
300 _a610
942 _cBK
999 _c6938
_d6938